| 000 | 00613cam a22002171 4500 | ||
|---|---|---|---|
| 001 | 3587392 | ||
| 003 | OSt | ||
| 005 | 20250901165659.0 | ||
| 008 | 711012s1966 nyub 000 1 eng | ||
| 010 | _a 66012370 | ||
| 040 |
_aDLC _cDLC _dDLC |
||
| 050 | 0 | 0 |
_aPZ 3 .M189 Do 1966 _bDo 1966 _aPS3525.A24573 |
| 100 | 1 |
_aMacInnes, Helen, _d1907-1985. |
|
| 245 | 1 | 4 | _aThe double image. |
| 250 | _a[1st ed.] | ||
| 260 |
_aNew York, _bHarcourt, Brace & World _c[1966] |
||
| 300 |
_a309 p. _bmap. _c21 cm. |
||
| 655 | 7 |
_aAdventure stories. _2gsafd |
|
| 906 |
_a7 _bcbc _corignew _du _eocip _f19 _gy-gencatlg |
||
| 942 |
_2lcc _cBK |
||
| 999 |
_c7669 _d7669 |
||